تحميل...

Field studies in the sociology of education

التفاصيل البيبلوغرافية
المؤلف الرئيسي: Gore M S
مؤلفون آخرون: Desai I P, Suma Chitnis
التنسيق: Printed Book
منشور في: New Delhi National council of Educational Research and Training 1970
الموضوعات:
LEADER 00738nam a22002291a 4500
020 |c 0.00 
040 |a SSUS - Library - Kalady 
082 |a 306.43  |b GOR/F 
100 |a Gore M S 
245 |a Field studies in the sociology of education  |h [Text] 
260 |a New Delhi  |b National council of Educational Research and Training  |c 1970 
300 |a 671p. 
600 |a Social Sciences 
600 |a Sociology 
600 |a Education Sociology 
600 |a Education 
700 |a Desai I P 
700 |a Suma Chitnis 
852 |h 306.43  |i GOR/F  |p 023962  |9 24.00  |t 0 
942 |c BK 
999 |c 14652  |d 14652 
952 |0 0  |1 0  |4 0  |6 306_430000000000000_GOR_F  |7 0  |9 20882  |a SSUS  |b SSUS  |d 2015-01-08  |g 24.00  |o 306.43 GOR/F  |p 023962  |r 2015-01-08  |v 0.00  |w 2015-01-08  |y BK